Medical Conditions A-Z - Statistics

General Stats
  • This quiz has been taken 69 times
  • The average score is 17 of 26
Answer Stats
Letter Condition % Correct
J) Yellowing of the skin caused by excess bilirubin Jaundice
93%
A) Not enough red blood cells in thebody, often caused by iron deficiency Anemia
92%
E) Contagious hemorrhagic fever that devastatedWest Africa in 2014-16 Ebola
90%
I) The scientific name for the flu Influenza
90%
R) Nearly fatal disease in humans caused by a bat or dog biteif the animal is infected Rabies
90%
H) Inflammation of the liver, often caused by viral infections.A, B, C, D types Hepatitis
85%
B) This plague devastated Europe in the1300s Bubonic
84%
G) Aka the disease of kings, causing uric acid buildupin the joints Gout
80%
M) Another mosquito borne illness causing fever, chills, and vomiting Malaria
77%
U) A break in the stomach lining Ulcer
75%
N) Chronic sleep disorder causing sudden tiredness andfalling asleep quickly Narcolepsy
70%
T) Bacterial infection of the lungs, was previously calledconsumption Tuberculosis
70%
P) Disease eradicated in the US in 1979 after the foundingof its vaccine by Jonas Salk Polio
69%
S) Reactivation of the Chickenpox virus much later in life Shingles
69%
C) Categorized by a the bodys' severe reaction to gluten Celiac
66%
Z) Mosquito borne illness common in children Zika
64%
O) Characterized by impulsive thoughts and repeatedactions to satisfy those thoughts Obsessive Compulsive Disorder
62%
Y) Another viral mosquito borne illness, common in tropicalrainforests Yellow Fever
61%
D) Mosquito borne illness common intropical hot climates Dengue
54%
V) Bulging, enlarged veins often in the legs Varicose
54%
F) Chronic condition that causes widespread painand flare ups of fatigue Fibromyalgia
46%
L) Also called Tetanus, this disease is a bacterial infectioncausing muscle spasms Lockjaw
46%
W) Mosquito borne illness named for a famous river West Nile
44%
Q) Paralysis of all 4 limbs Quadriplegia
41%
K) Swelling/inflammation of the blood vessel walls. Named after the Japanese doctor Kawasaki Disease
20%
X) Yellow deposits of cholesterol build up in the body causingsmall yellow bumps Xanthomatosis
3%
No matching quizzes found
Score Distribution
Percent of People with Each Score
Percentile by Number Answered
Your Score History
You have not taken this quiz